| 000 | 01349nam0a2200289 4500 | ||
|---|---|---|---|
| 001 | RU\NLR\BIBL_A\011275436 | ||
| 005 | 20250626035024.0 | ||
| 010 |
_a5-7696-0202-3 _92000 |
||
| 035 | _a(NLR Aleph) 011275436 | ||
| 090 |
_a10843551 _c10843551 |
||
| 100 | _a20161121d1992 |||y0rusy50 ca | ||
| 101 | 0 | _asah | |
| 102 | _aRU | ||
| 105 | _ay z 000 y | ||
| 200 | 1 |
_a5 кылааска "Төрөөбүт литературабыт" учебник-хрестоматияҕа методическай ыйыылар _fН. И. Филиппова |
|
| 205 | _a1-гы тахс. | ||
| 210 |
_aЯкутскай _cСаха сиринээҕи кинигэ изд-вота _d1992 |
||
| 215 |
_a70,[2] с. _d20 |
||
| 320 | _aБиблиогр. в конце ст. и в подстроч. примеч. | ||
| 541 | 1 |
_aМетодические указания к учебнику-хрестоматии "Родная литература" для 5-го класса _eпособие для учителей _zrus |
|
| 606 | 1 |
_aЯкутская литература _xПреподавание _xСредняя школа _92176184 _3RU\NLR\auth-onl\66421 |
|
| 686 | 1 | _aЧ426.21 | |
| 700 | 1 |
_aФилиппова _bН. И. _gНина Игнатьевна _4070 |
|
| 852 |
_aNLR _bОНЛ _jЯкут./2-2670 |
||
| 942 | _cBOOK | ||
| 980 | _aNB | ||